000
00221nam a2200097Ia 4500
008
170619s9999 xx 000 0 und d
100
_a
Cathey J J
245
0
_a
Basic Electrical Engg.
260
_b
New Delhi: TMH
260
_c
1984
546
_a
ENGLISH
999
_c
16403
_d
16403